<?xml version="1.0" encoding="UTF-8"?>
<record
    xmlns:xsi="http://www.w3.org/2001/XMLSchema-instance"
    xsi:schemaLocation="http://www.loc.gov/MARC21/slim http://www.loc.gov/standards/marcxml/schema/MARC21slim.xsd"
    xmlns="http://www.loc.gov/MARC21/slim">

  <leader>00981nam2a2200265   4500</leader>
  <controlfield tag="001">RU\NLR\ONL2\7049</controlfield>
  <controlfield tag="005">20250613130224.0</controlfield>
  <datafield tag="010" ind1=" " ind2=" ">
    <subfield code="a">5-295-03673-1</subfield>
    <subfield code="9">2000</subfield>
  </datafield>
  <datafield tag="035" ind1=" " ind2=" ">
    <subfield code="a">(NLR Aleph) 009654641</subfield>
  </datafield>
  <datafield tag="090" ind1=" " ind2=" ">
    <subfield code="a">9584816</subfield>
    <subfield code="c">9584816</subfield>
  </datafield>
  <datafield tag="100" ind1=" " ind2=" ">
    <subfield code="a">20070521d2005    |||y0rusy50      ca</subfield>
  </datafield>
  <datafield tag="101" ind1="0" ind2=" ">
    <subfield code="a">bak</subfield>
  </datafield>
  <datafield tag="102" ind1=" " ind2=" ">
    <subfield code="a">RU</subfield>
  </datafield>
  <datafield tag="105" ind1=" " ind2=" ">
    <subfield code="a">c |||||||||</subfield>
  </datafield>
  <datafield tag="200" ind1="0" ind2=" ">
    <subfield code="a">&#x41A;&#x438;&#x442;. 1-2</subfield>
  </datafield>
  <datafield tag="210" ind1=" " ind2=" ">
    <subfield code="d">2005</subfield>
    <subfield code="a">&#x411;. &#x43C;.</subfield>
  </datafield>
  <datafield tag="215" ind1=" " ind2=" ">
    <subfield code="a">382,[2] &#x431;.</subfield>
    <subfield code="c">&#x43F;&#x43E;&#x440;&#x442;&#x440;.</subfield>
  </datafield>
  <datafield tag="461" ind1=" " ind2="0">
    <subfield code="1">001RU\NLR\ONL2\5902</subfield>
    <subfield code="1">2001#$a&#x411;&#x4E9;&#x440;&#x43A;&#x4E9;&#x442; k&#x430;&#x43D;&#x430;&#x442;&#x44B;$e&#x420;&#x43E;&#x43C;&#x430;&#x43D;$f&#x41A;&#x438;&#x440;&#x44D;&#x439; &#x41C;&#x44D;&#x440;&#x433;&#x44D;&#x43D;$v&#x41A;&#x438;&#x442;. 1-2</subfield>
    <subfield code="1">700#1$a&#x41C;&#x44D;&#x440;&#x433;&#x44D;&#x43D;$b&#x41A;.$f1912-1984$g&#x41A;&#x438;&#x440;&#x44D;&#x439;$4070$3RU\NLR\auth-onl\77357</subfield>
    <subfield code="9">9580275</subfield>
    <subfield code="a">&#x41C;&#x44D;&#x440;&#x433;&#x44D;&#x43D;, &#x41A;. (1912-1984)</subfield>
    <subfield code="c">&#x4E8;&#x444;&#x4E9;</subfield>
    <subfield code="d">2005</subfield>
    <subfield code="f">&#x41A;&#x438;&#x440;&#x44D;&#x439; &#x41C;&#x44D;&#x440;&#x433;&#x44D;&#x43D;</subfield>
    <subfield code="n">&#x41A;&#x438;&#x442;&#x430;&#x43F;</subfield>
    <subfield code="o">&#x420;&#x43E;&#x43C;&#x430;&#x43D;</subfield>
    <subfield code="t">&#x411;&#x4E9;&#x440;&#x43A;&#x4E9;&#x442; k&#x430;&#x43D;&#x430;&#x442;&#x44B;</subfield>
    <subfield code="y">5-295-03672-3</subfield>
    <subfield code="v">&#x41A;&#x438;&#x442;. 1-2</subfield>
  </datafield>
  <datafield tag="801" ind1=" " ind2="0">
    <subfield code="a">RU</subfield>
    <subfield code="b">NLR</subfield>
    <subfield code="c">20070521</subfield>
    <subfield code="g">PSBO</subfield>
  </datafield>
  <datafield tag="852" ind1=" " ind2=" ">
    <subfield code="a">NLR</subfield>
    <subfield code="b">&#x41E;&#x41D;&#x41B;</subfield>
    <subfield code="j">&#x411;&#x430;&#x448;&#x43A;./3-4816</subfield>
  </datafield>
  <datafield tag="942" ind1=" " ind2=" ">
    <subfield code="c">BOOK</subfield>
  </datafield>
  <datafield tag="980" ind1=" " ind2=" ">
    <subfield code="a">NB</subfield>
  </datafield>
  <datafield tag="980" ind1=" " ind2=" ">
    <subfield code="a">ONL_RF</subfield>
  </datafield>
  <datafield tag="995" ind1=" " ind2=" ">
    <subfield code="5">2013-10-26</subfield>
    <subfield code="b">NLR01</subfield>
    <subfield code="c">NLR01</subfield>
    <subfield code="e">ONL</subfield>
    <subfield code="f">9654641-10</subfield>
    <subfield code="k">&#x411;&#x430;&#x448;&#x43A;./3-4816</subfield>
    <subfield code="o">0</subfield>
    <subfield code="r">BOOK</subfield>
    <subfield code="s">34816_</subfield>
  </datafield>
</record>
